Team USA Basketball JO 2012 - Statistiques

Statistiques générales
  • Ce quiz a été pris 25 fois
  • Le résultat moyen est 6 sur 16
Statistiques - réponses
Postes Joueurs % Correct
Arrière Kobe Bryant
90%
Ailier Lebron James
90%
Ailier Kevin Durant
76%
Ailier Carmelo Anthony
67%
Arrière Russel Westbrook
48%
Arrière Chris Paul
43%
Arrière James Harden
43%
Intérieur Anthony Davis
38%
Arrière Deron Williams
33%
Intérieur Tyson Chandler
24%
Coach Mike Krzyzewski
19%
Assistant Coach Nate McMillan
19%
Assistant Coach Mike D'Antoni
14%
Arrière Andre Iguodala
10%
Ailier Kevin Love
10%
Assistant Coach Jim Boeheim
5%
Aucun quiz correspondant
Distribution des résultats
% des personnes avec chaque résultat
Percentile par nombre de réponses
Votre historique - résultats
Vous n’avez pas pris ce quiz